00217 a2200109 4500001000700000020000600007040001100013100001700024240003100041245002600072362000900098162430 a  cMagnum aRegina, Tia.10aA salamandra do jaraulpor10aA salamandra do jarau0 a1899